Applied linear algebra, probability and statistics : (Record no. 52781)

MARC details
000 -LEADER
fixed length control field 00777nam a2200265Ia 4500
005 - DATE AND TIME OF LATEST TRANSACTION
control field 20260429112202.0
008 - FIXED-LENGTH DATA ELEMENTS--GENERAL INFORMATION
fixed length control field 260429s9999||||xx |||||||||||||| ||und||
020 ## - INTERNATIONAL STANDARD BOOK NUMBER
International Standard Book Number 9789819923090
041 ## - LANGUAGE CODE
Language English
082 ## - DEWEY DECIMAL CLASSIFICATION NUMBER
Classification number 512.55
Item number BAP
100 ## - MAIN ENTRY--PERSONAL NAME
Personal name Bapat, Ravindra B.
245 #0 - TITLE STATEMENT
Title Applied linear algebra, probability and statistics :
Remainder of title a volume in honour of C. R. Rao and Arbind K. Lal /
Statement of responsibility, etc Ravindra B. Bapat
250 ## - EDITION STATEMENT
Edition statement 1st ed.
260 ## - PUBLICATION, DISTRIBUTION, ETC. (IMPRINT)
Place of publication, distribution, etc Singapore :
Name of publisher, distributor, etc Springer,
Date of publication, distribution, etc 2023.
300 ## - PHYSICAL DESCRIPTION
Extent xxvii, 525 p.; hb
650 ## - SUBJECT ADDED ENTRY--TOPICAL TERM
Topical term or geographic name as entry element Probability
650 ## - SUBJECT ADDED ENTRY--TOPICAL TERM
Topical term or geographic name as entry element Statistics
650 ## - SUBJECT ADDED ENTRY--TOPICAL TERM
Topical term or geographic name as entry element Algebra
700 ## - ADDED ENTRY--PERSONAL NAME
Personal name Karantha, Manjunatha Prasad
700 ## - ADDED ENTRY--PERSONAL NAME
Personal name Kirkland, Stephen J.
700 ## - ADDED ENTRY--PERSONAL NAME
Personal name Pati, Sukanta
700 ## - ADDED ENTRY--PERSONAL NAME
Personal name Puntanen
700 ## - ADDED ENTRY--PERSONAL NAME
Personal name Samir Kumar Neogy
942 ## - ADDED ENTRY ELEMENTS (KOHA)
Koha item type Text Books
Holdings
Withdrawn status Lost status Damaged status Not for loan Collection code Home library Location Shelving location Date of Cataloging Source of acquisition Total Checkouts Full call number Barcode Date last seen Price effective from Koha item type
        Non-fiction CUTN Central Library CUTN Central Library Sciences 29/04/2026 Techniz Books International, New Delhi - Invoice No. INT202601641 on 09-02-2026   512.55 BAP 57900 29/04/2026 29/04/2026 Text Books